| 000 | 02128cam a2200421Ma 4500 | ||
|---|---|---|---|
| 001 | ocn797195020 | ||
| 003 | TZ-ArACH | ||
| 005 | 20150423100246.0 | ||
| 008 | 080717s2007 is 000 0 eng d | ||
| 020 | _a9657073502 | ||
| 020 | _a9789657073506 | ||
| 035 | _a(OCoLC)797195020 | ||
| 040 |
_aBDP _beng _cTZ-ArACH _dOCLCO _dFXGBL |
||
| 041 | _aEng | ||
| 049 | _aTZAA | ||
| 050 | 4 |
_aK639 _b.R54 |
|
| 245 | 0 | 4 |
_aRights of older persons : collection of international documents _bcollection of international documents / _ceditors, Israel Doron & Kate Mewhinney. |
| 246 | 1 |
_iAt head of title: _aIFA, International Federation on Ageing; AGE Concern; ILC |
|
| 260 |
_aJerusalem : _bJDC-ESHEL, The Association for the Planning and Development of Services for the Aged in Israel, _c2007. |
||
| 300 |
_a488 p. ; _c24 cm. |
||
| 500 | _aAt head of title: IFA, International Federation on Ageing ; AGE Concern ; ILC. | ||
| 500 | _a"Catalogue number: 212824"--T.p. verso. | ||
| 505 | 0 | _aInternational Federation on Aging documents -- United Nations documents on aging -- Regional-Non-European documents on aging -- Regional-European documents on aging -- International NGOs, conferences, professional organizations documents on aging -- General international human rights documents. | |
| 530 | _aAlso available on CD. | ||
| 650 | 0 |
_aOlder people _xCivil rights. _916616 |
|
| 650 | 0 |
_aOlder people _xLegal status, laws, etc. _916617 |
|
| 650 | 6 |
_aPersonnes âgées _xDroits. _916618 |
|
| 650 | 6 |
_aPersonnes âgées _xDroit _vLégislation. _916619 |
|
| 653 | _aDonation | ||
| 700 | 1 |
_aDoron, Israel. _916620 |
|
| 700 | 1 |
_aMewhinney, Kate. _916621 |
|
| 710 | 2 |
_aAge Concern England (Organization) _916622 |
|
| 710 | 2 |
_aInternational Federation on Ageing. _916623 |
|
| 710 | 2 |
_aInternational Longevity Center. _916624 |
|
| 710 | 2 |
_aEshel-ha-Agudah le-tikhnun ule-fituaḥ sherutim lemaʻan ha-zaḳen be-Yiśraʼel. _916625 |
|
| 942 |
_2lcc _cBOOK |
||
| 999 |
_c2845 _d2845 |
||